00879nam a22002177a 450000500170000000800410001702000180005804000270007604100080010304400070011108200180011810000340013624501920017026000700036230000810043265000350051365000380054865100260058670000230061270000260063520200104041736.0160201b2009 pe ado |r|||| 00| 0 spa d a9789588554129 aCO-BoIAVH cCO-BoIAVH 0 aspa ack04a333.956bO77p1 aOrtiz Ramírez, Jenny Lorena10aPrograma de manejo pesquero en el lago Caballo Cocha, Provincia Mariscal Ramón Castilla / cpor Jenny Lorena Ortiz Ramírez, Fernando Trujillo González y Carlos Marcial Perea Sicchar aLima?:bGobierno regional de Loreto :bFundación Omacha,c2009. a116 páginas :bilustraciones, tablas, fotografías a color ;c28 x 21 cm. 4aEvaluación y manejo pesquero 6aFondos de pescavPlanes de manejo 4aPerúzCaballo Cocha1 aTrujillo, Fernando1 aPerea Sicchar, Carlos